000
00213nam a22000857a 4500
008
170203b xxu||||| |||| 00| 0 eng d
100
_9
2765
_a
Sally.V.K.
245
_a
Lab Manual Science-9
260
_a
New delhi
_b
GBP
_c
2010
999
_c
5956
_d
5956